00129 a2200073 450000100060000010000140000624500110002026000240003127564 aTuma, J.J aStatic abQuantum pubc1974